| 000 | 00661cam a22002055a 4500 | ||
|---|---|---|---|
| 001 | L149946 | ||
| 008 | 100519e20101120xxkdo f s 000 0 eng d | ||
| 035 | _a(Sirsi) u149946 | ||
| 041 | 0 | _aeng | |
| 100 | 1 | _aVasko, Miroslav | |
| 245 | 0 | 0 |
_aCountry focus _bCzech Republic |
| 260 | _c2010 | ||
| 490 | 0 |
_aBuilding _v275(8628) 7 May 2010, 52-54(3) |
|
| 520 | _aThe Czech economy, real estate, sectors, the construction market, costs, economy at a glance, and looking to the future are all covered. | ||
| 590 | _aKA | ||
| 651 | 4 | _aCzech Republic | |
| 690 | _aBUILT ENVIRONMENT-CONSTRUCTION MARKET | ||
| 690 | _aBUILT ENVIRONMENT-BUILDING COSTS | ||
| 942 | _n0 | ||
| 999 |
_c82344 _d82344 |
||